[Event "Echiquier Bordelais-Saint Affrique"]
[Site "Ramonville"]
[Date "2008.01.19"]
[Round "5.4"]
[White "Laclau, Daniel"]
[Black "Daumens, Michel"]
[Result "1-0"]
[WhiteElo "2270"]
[BlackElo "2196"]
[PlyCount "135"]
[EventDate "2008.01.19"]
[WhiteTeam "Saint Affrique"]
[BlackTeam "Echiquier Bordelais"]

1. d4 Nf6 2. Nf3 e6 3. c4 b6 4. g3 Ba6 5. b3 Bb4+ 6. Bd2 Be7 7. Bg2 c6 8. Bc3
d5 9. Ne5 Nfd7 10. Nxd7 Nxd7 11. Nd2 f5 12. O-O O-O 13. a4 Rc8 14. Qb1 Qe8 15.
b4 Bf6 16. Qb3 Bb7 17. e3 Qf7 18. cxd5 cxd5 19. b5 Rc7 20. Rfc1 Rfc8 21. Bb2
Be7 22. Rxc7 Rxc7 23. Rc1 Rxc1+ 24. Bxc1 Qf8 25. Nb1 Kf7 26. Ba3 Nf6 27. Qc3
Qc8 28. Qxc8 Bxc8 29. Bxe7 Kxe7 30. Nc3 Kd6 31. Kf1 a6 32. Ke1 a5 33. Bf3 Bd7
34. h3 h5 35. h4 Be8 36. Kd2 Bf7 37. Ne2 Be8 38. Nf4 Bf7 39. Nd3 Be8 40. Ne5
Bd7 41. Ke1 Be8 42. Bd1 Ke7 43. Bc2 Kd6 44. Ke2 Ng4 45. Nd3 Ke7 46. Kf3 Kf6 47.
Kf4 Nh6 48. Bd1 Ng8 49. Ne5 Ne7 50. Bxh5 Bxh5 51. Nd7+ Kf7 52. Nxb6 Bd1 53. Ke5
Ke8 54. Kxe6 Kd8 55. Kd6 Bb3 56. f3 Nc8+ 57. Kc6 Nxb6 58. Kxb6 Bxa4 59. Kxa5
Bd1 60. Kb6 Be2 61. Kc6 Kc8 62. Kxd5 Bxf3+ 63. Ke6 Be4 64. d5 Kc7 65. h5 Bd3
66. d6+ Kd8 67. b6 Be4 68. Kf7 1-0

[Event "Echiquier Bordelais-Saint Affrique"]
[Site "Ramonville"]
[Date "2008.01.19"]
[Round "5.5"]
[White "Quillien, Emmanuel"]
[Black "Leygue, Dominique"]
[Result "1-0"]
[WhiteElo "2142"]
[BlackElo "2308"]
[PlyCount "74"]
[EventDate "2008.01.19"]
[WhiteTeam "Echiquier Bordelais"]
[BlackTeam "Saint Affrique"]

1. d4 Nf6 2. Nf3 g6 3. Bg5 Bg7 4. Nbd2 d6 5. e4 c5 6. dxc5 dxc5 7. Bc4 Nc6 8.
c3 a6 9. a4 Na5 10. Qe2 Nxc4 11. Nxc4 Be6 12. a5 Qc7 13. Nfd2 Ng4 14. Bh4 Rd8
15. Bg3 Qc6 16. f3 Nh6 17. Ne5 Qc8 18. Ndc4 Bxe5 19. Bxe5 f6 20. Bf4 g5 21. Be3
Nf7 22. O-O Qc6 23. Nb6 g4 24. Bf4 gxf3 25. Qxf3 Rg8 26. Rae1 Bg4 27. Qe3 c4
28. Nd5 Rd7 29. Rf2 f5 30. Nc7+ Rxc7 31. Bxc7 Qxc7 32. exf5 Ng5 33. Kh1 Kf8 34.
h3 Bh5 35. f6 e5 36. Rf5 h6 37. Rxe5 Bf7 1-0

[Event "Echiquier Bordelais-Saint Affrique"]
[Site "Ramonville"]
[Date "2008.01.19"]
[Round "5.6"]
[White "Pous, Vincent"]
[Black "Lagunes, Jean Renaud"]
[Result "1/2-1/2"]
[WhiteElo "2063"]
[BlackElo "2072"]
[PlyCount "82"]
[EventDate "2008.01.19"]
[WhiteTeam "Saint Affrique"]
[BlackTeam "Echiquier Bordelais"]

1. e4 d5 2. exd5 Qxd5 3. Nc3 Qa5 4. d4 Nf6 5. Nf3 Bg4 6. h3 Bh5 7. g4 Bg6 8.
Ne5 c6 9. Bg2 e6 10. O-O Nbd7 11. f4 O-O-O 12. Nc4 Qb4 13. Qe2 Nb6 14. Ne5 Na4
15. Nxa4 Qxd4+ 16. Be3 Qxa4 17. b3 Qa3 18. Qc4 Nd5 19. Bf2 Qb4 20. Bxd5 Rxd5
21. Bxa7 Bc5+ 22. Bxc5 Qxc5+ 23. Qxc5 Rxc5 24. Rac1 Rd8 25. c4 Ra5 26. Rf2 Ra3
27. Nxg6 hxg6 28. Kg2 Rd3 29. Rcc2 Kc7 30. Rcd2 Rd6 31. Kf3 c5 32. Ke4 Rda6 33.
g5 Ra8 34. Rg2 Rh8 35. Rd3 Rd8 36. Rxd8 Kxd8 37. Rd2+ Kc7 38. Ke5 Kc6 39. Rd6+
Kc7 40. Rd2 Kc6 41. Rd6+ Kc7 1/2-1/2

[Event "Echiquier Bordelais-Saint Affrique"]
[Site "Ramonville"]
[Date "2008.01.19"]
[Round "5.7"]
[White "Galloux, Maxime"]
[Black "Herrero, Alain"]
[Result "1/2-1/2"]
[WhiteElo "2062"]
[BlackElo "1760"]
[PlyCount "83"]
[EventDate "2008.01.19"]
[WhiteTeam "Echiquier Bordelais"]
[BlackTeam "Saint Affrique"]

1. e4 c5 2. Nf3 Nc6 3. d4 cxd4 4. Nxd4 g6 5. Nc3 d6 6. Be3 Nf6 7. f3 Bg7 8. Qd2
Bd7 9. Bc4 Ne5 10. Bb3 Rc8 11. O-O-O Nc4 12. Bxc4 Rxc4 13. g4 a6 14. Nb3 O-O
15. Bd4 Ba4 16. Kb1 Bxb3 17. cxb3 Nxe4 18. Qe3 Rxd4 19. Rxd4 Bxd4 20. Qxd4
Nxc3+ 21. bxc3 Qc7 22. c4 b5 23. cxb5 axb5 24. Rc1 Qd7 25. Qb6 Rd8 26. Rc6 d5
27. Rc7 Qe8 28. Qb7 e5 29. Re7 Qf8 30. Rxe5 Qc5 31. Qe7 Rc8 32. Qxc5 Rxc5 33.
b4 Rc4 34. Rxd5 Rxb4+ 35. Kc2 Rf4 36. Rd3 Kf8 37. Kd2 Ra4 38. a3 b4 39. axb4
Rxb4 40. Rd7 g5 41. Rd5 h6 42. Ke3 1/2-1/2

[Event "Echiquier Bordelais-Saint Affrique"]
[Site "Ramonville"]
[Date "2008.01.19"]
[Round "5.8"]
[White "Vignette, Jeanne"]
[Black "Soissong, Elzbieta"]
[Result "0-1"]
[WhiteElo "1540"]
[BlackElo "1640"]
[PlyCount "130"]
[EventDate "2008.01.19"]
[WhiteTeam "Saint Affrique"]
[BlackTeam "Echiquier Bordelais"]

1. e4 e5 2. Nf3 Nf6 3. Bc4 Bc5 4. O-O O-O 5. Nxe5 Nxe4 6. Nc3 Nxc3 7. dxc3 d6
8. Nf3 Bg4 9. h3 Bh5 10. Qd5 Bg6 11. Qxb7 Nd7 12. Bg5 Nf6 13. Rac1 Rb8 14. Qc6
Rxb2 15. Qa4 Rb8 16. Bd3 Qd7 17. Qxd7 Nxd7 18. Rfe1 Rb2 19. Re7 Bxd3 20. cxd3
Bxf2+ 21. Kf1 f6 22. Bd2 Nc5 23. Rd1 Nxd3 24. Be3 Bxe3 25. Rxd3 Bb6 26. a4 Ra2
27. Nd4 Rxa4 28. Ne6 Ra1+ 29. Ke2 Ra2+ 30. Kf3 Rc8 31. Rxg7+ Kh8 32. Rd5 Rg8
33. Rxg8+ Kxg8 34. g4 Rc2 35. Rd3 a5 36. Nf4 a4 37. Nd5 a3 38. Nb4 Rf2+ 39. Kg3
a2 40. Rd1 Rb2 41. Ra1 Re2 42. Kf3 Re3+ 43. Kg2 Rxc3 44. Rxa2 Rc1 45. Nd5 Bd4
46. Ne7+ Kf7 47. Nf5 Be5 48. h4 d5 49. g5 fxg5 50. hxg5 Kg6 51. Ne7+ Kxg5 52.
Nxd5 c5 53. Re2 Bd4 54. Re6 h5 55. Rc6 h4 56. Kh3 Ra1 57. Rc7 Ra3+ 58. Kh2 Be5+
59. Kh1 Bxc7 60. Kg2 Rg3+ 61. Kh1 Be5 62. Nb6 h3 63. Nc4 Bd4 64. Nd2 Kg4 65.
Ne4 Rg2 0-1

[Event "Ramonville-Chamalieres"]
[Site "Ramonville"]
[Date "2008.01.19"]
[Round "5.1"]
[White "Lejarre, Ludovic"]
[Black "Etchegaray, Patrice"]
[Result "1/2-1/2"]
[WhiteElo "2401"]
[BlackElo "2376"]
[PlyCount "55"]
[EventDate "2008.01.19"]
[WhiteTeam "Ramonville"]
[BlackTeam "ChamaliÃ¨res"]

1. e4 e5 2. Nf3 Nc6 3. Bb5 a6 4. Ba4 Nf6 5. O-O Be7 6. Re1 b5 7. Bb3 O-O 8. d4
d6 9. c3 Bg4 10. Be3 exd4 11. cxd4 Na5 12. Bc2 Nc4 13. Bc1 c5 14. b3 Nb6 15.
Nbd2 Nfd7 16. h3 Bh5 17. g4 Bg6 18. d5 Bf6 19. Rb1 Re8 20. Nf1 Bc3 21. Re2 b4
22. Ng3 h6 23. Kg2 a5 24. Nh2 a4 25. f4 axb3 26. axb3 Ra2 27. Nf3 Qe7 28. f5
1/2-1/2

[Event "Ramonville-Chamalieres"]
[Site "Ramonville"]
[Date "2008.01.19"]
[Round "5.2"]
[White "Robin, Samy"]
[Black "Franca, Ricardo Bedin"]
[Result "1/2-1/2"]
[WhiteElo "2352"]
[BlackElo "2240"]
[PlyCount "181"]
[EventDate "2008.01.19"]
[WhiteTeam "ChamaliÃ¨res"]
[BlackTeam "Ramonville"]

1. e4 c5 2. Nf3 d6 3. d4 cxd4 4. Nxd4 Nf6 5. Nc3 g6 6. Be2 Bg7 7. O-O O-O 8.
Be3 Nc6 9. Nb3 Be6 10. f4 Na5 11. f5 Bc4 12. e5 Bxe2 13. Qxe2 dxe5 14. Kh1 Nc6
15. Rad1 Qc8 16. fxg6 hxg6 17. Bg5 Rd8 18. Rxd8+ Qxd8 19. Qb5 Rb8 20. Rd1 Qe8
21. Qc4 Rd8 22. Rf1 Nd4 23. Nxd4 Rxd4 24. Qc5 b6 25. Qxe5 Ne4 26. Qxe7 Qxe7 27.
Bxe7 Nxc3 28. bxc3 Rd2 29. Rc1 Bxc3 30. Ba3 b5 31. Bc5 a6 32. h3 Bb2 33. Re1
Rxc2 34. Bd6 Rc1 35. Rxc1 Bxc1 36. Kg1 f5 37. Kf2 Kf7 38. Ke2 Ke6 39. Bc7 Kd5
40. Kd3 Bb2 41. g4 Be5 42. Bd8 fxg4 43. hxg4 Bd6 44. Bb6 Ke5 45. Ke3 Bb8 46.
Bd4+ Kd5 47. Kd3 a5 48. Bc3 b4 49. Bd2 Bd6 50. Be3 a4 51. Bh6 Be5 52. Bf8 b3
53. axb3 axb3 54. g5 Kc6 55. Be7 Kb5 56. Bf6 Bf4 57. Kc3 Ka4 58. Kb2 Kb4 59.
Be7+ Kc4 60. Bf6 Be3 61. Bd8 Bd4+ 62. Kb1 Kd5 63. Be7 Ke4 64. Bd8 Kf5 65. Be7
Ke6 66. Bd8 Kd7 67. Ba5 Kd6 68. Bd8 Ke5 69. Bf6+ Ke4 70. Bd8 Be5 71. Bf6 Kf5
72. Be7 Bf4 73. Kb2 Bxg5 74. Bc5 Bf6+ 75. Kxb3 Ke4 76. Kc2 g5 77. Kd2 Kf3 78.
Ke1 Kg2 79. Ke2 Be5 80. Bf2 Bg3 81. Be3 Bf4 82. Bf2 g4 83. Be1 Kh3 84. Kf1 Be3
85. Ke2 Bc5 86. Kf1 Bd4 87. Ke2 Bf6 88. Kf1 Kh2 89. Bf2 Be5 90. Ke2 Bg3 91. Be3
1/2-1/2

[Event "Ramonville-Chamalieres"]
[Site "Ramonville"]
[Date "2008.01.19"]
[Round "5.3"]
[White "Gachon, Lionel"]
[Black "Sandu, Mihaela"]
[Result "1/2-1/2"]
[WhiteElo "2288"]
[BlackElo "2313"]
[PlyCount "117"]
[EventDate "2008.01.19"]
[WhiteTeam "Ramonville"]
[BlackTeam "ChamaliÃ¨res"]

1. Nf3 Nf6 2. c4 g6 3. g3 Bg7 4. Bg2 d6 5. O-O O-O 6. Nc3 e5 7. d3 Nc6 8. Rb1
a5 9. a3 Bf5 10. b4 axb4 11. axb4 Qd7 12. b5 Nd8 13. Qc2 Re8 14. Nd2 Bh3 15.
Nd5 Bxg2 16. Kxg2 Ne6 17. Nb3 Nxd5 18. cxd5 Nd4 19. Nxd4 exd4 20. e4 dxe3 21.
Bxe3 Qf5 22. Qc4 Ra3 23. b6 cxb6 24. Rxb6 Rxd3 25. Rxd6 h5 26. Qf4 Rxd5 27.
Qxf5 Rxf5 28. Rb6 h4 29. Rxb7 h3+ 30. Kg1 Ra8 31. Rb3 Ra2 32. Rfb1 Kh7 33. Bb6
g5 34. g4 Rf4 35. Rxh3+ Kg6 36. Rg3 Be5 37. h3 Rfa4 38. Rgb3 f5 39. Rb5 Re4 40.
gxf5+ Kxf5 41. Bc7 Rae2 42. R1b3 Kg6 43. Bxe5 Rxe5 44. Rxe5 Rxe5 45. Kg2 Re4
46. Kg3 Ra4 47. Re3 Rb4 48. f3 Ra4 49. Re4 Ra1 50. h4 gxh4+ 51. Rxh4 Rb1 52.
Ra4 Rb6 53. Kg4 Rc6 54. Ra5 Rb6 55. Rg5+ Kf6 56. Rh5 Kg6 57. f4 Rb1 58. f5+ Kf7
59. Rh7+ 1/2-1/2

[Event "Ramonville-Chamalieres"]
[Site "Ramonville"]
[Date "2008.01.19"]
[Round "5.4"]
[White "Ollier, Pablo"]
[Black "Constantin, David"]
[Result "0-1"]
[WhiteElo "2127"]
[BlackElo "2094"]
[PlyCount "60"]
[EventDate "2008.01.19"]
[WhiteTeam "ChamaliÃ¨res"]
[BlackTeam "Ramonville"]

1. d4 Nf6 2. c4 e5 3. dxe5 Ng4 4. Bf4 Nc6 5. Nf3 Bb4+ 6. Nc3 Bxc3+ 7. bxc3 Qe7
8. Qd5 f6 9. exf6 Nxf6 10. Qd3 d6 11. g3 O-O 12. Bg2 Bg4 13. O-O Rae8 14. Rab1
b6 15. e3 Kh8 16. Nd4 Ne5 17. Bxe5 dxe5 18. Nc6 e4 19. Qc2 Qc5 20. Nxa7 c6 21.
Rb4 Rf7 22. Qa4 Ra8 23. Qxc6 Rfxa7 24. Bxe4 Nxe4 25. Qxe4 Bh3 26. Rb5 Qc8 27.
Rfb1 Rxa2 28. Rxb6 Bf5 29. Qe7 Bxb1 30. Rb7 Qf8 0-1

[Event "Ramonville-Chamalieres"]
[Site "Ramonville"]
[Date "2008.01.19"]
[Round "5.5"]
[White "Huchet, Francois"]
[Black "Blanc, Sebastien"]
[Result "0-1"]
[WhiteElo "2090"]
[BlackElo "2134"]
[PlyCount "86"]
[EventDate "2008.01.19"]
[WhiteTeam "Ramonville"]
[BlackTeam "ChamaliÃ¨res"]

1. e4 e6 2. d4 d5 3. e5 c5 4. c3 Nc6 5. Nf3 Qb6 6. a3 Bd7 7. b4 cxd4 8. cxd4
Rc8 9. Be2 a5 10. b5 Nxd4 11. Nxd4 Rxc1 12. Qxc1 Qxd4 13. Qc3 Bc5 14. O-O Qxc3
15. Nxc3 Bd4 16. Rac1 Bxe5 17. Na4 Ne7 18. Rc2 Nf5 19. Nc5 Nd4 20. Rd2 b6 21.
Nxd7 Kxd7 22. Rfd1 Nxe2+ 23. Rxe2 Bd6 24. a4 Rc8 25. g3 Rc4 26. Ra2 Bb4 27. Kf1
Kd6 28. Ke2 e5 29. f3 f5 30. h3 d4 31. g4 g6 32. gxf5 gxf5 33. Rg1 e4 34. fxe4
fxe4 35. Rg7 Rc1 36. Rxh7 Re1+ 37. Kf2 d3 38. Rh8 e3+ 39. Kf3 d2 40. Rd8+ Ke7
41. Rd3 d1=Q+ 42. Rxd1 Rxd1 43. Kxe3 Rh1 0-1

[Event "Ramonville-Chamalieres"]
[Site "Ramonville"]
[Date "2008.01.19"]
[Round "5.6"]
[White "Mazel, Jacky"]
[Black "Bolon, Karelle"]
[Result "0-1"]
[WhiteElo "1903"]
[BlackElo "2105"]
[PlyCount "82"]
[EventDate "2008.01.19"]
[WhiteTeam "ChamaliÃ¨res"]
[BlackTeam "Ramonville"]

1. e4 c5 2. Nc3 a6 3. g3 b5 4. Bg2 Bb7 5. d3 e6 6. Nf3 d5 7. exd5 exd5 8. O-O
Be7 9. Re1 Nf6 10. Qe2 Nc6 11. Ne5 Nd4 12. Qd1 O-O 13. Bg5 Re8 14. Qd2 b4 15.
Ne2 Ne6 16. Bh4 h6 17. f4 Qb6 18. Kh1 Rad8 19. h3 c4 20. Bxf6 Bxf6 21. d4 a5
22. h4 Nc7 23. Ng1 Nb5 24. c3 Nd6 25. Nh3 a4 26. Nf2 Nb5 27. Kh2 a3 28. bxa3
bxc3 29. Qc2 Qxd4 30. Nd1 Nxa3 31. Qxc3 Qxc3 32. Nxc3 Nc2 33. Rad1 Nxe1 34.
Rxe1 Bxe5 35. fxe5 d4 36. Bxb7 dxc3 37. Rc1 Rd2+ 38. Kh3 c2 39. Be4 Rxe5 40.
Bxc2 h5 41. Bd1 Re1 0-1

[Event "Ramonville-Chamalieres"]
[Site "Ramonville"]
[Date "2008.01.19"]
[Round "5.7"]
[White "Galby, Vassili"]
[Black "Lafeuille, Bernard"]
[Result "0-1"]
[WhiteElo "2069"]
[BlackElo "1910"]
[PlyCount "74"]
[EventDate "2008.01.19"]
[WhiteTeam "Ramonville"]
[BlackTeam "ChamaliÃ¨res"]

1. Nf3 f5 2. c4 Nf6 3. g3 e6 4. Bg2 Be7 5. O-O O-O 6. d4 d6 7. Nc3 Ne4 8. Qc2
Nxc3 9. Qxc3 a5 10. b3 Nc6 11. Bb2 Bf6 12. Rad1 Qe8 13. a3 e5 14. Qc2 e4 15.
Ne1 Bd7 16. f3 exf3 17. exf3 Qe3+ 18. Kh1 Nxd4 19. Bxd4 Bxd4 20. f4 Bc5 21.
Bxb7 Rab8 22. Ng2 Qe8 23. Rfe1 Qd8 24. Bd5+ Kh8 25. Nh4 Qf6 26. a4 Bb4 27. Re3
Rfe8 28. Qe2 Rxe3 29. Qxe3 Re8 30. Qf3 Bc5 31. Qg2 Re3 32. Bc6 Qe7 33. Rf1 g6
34. Bxd7 Qxd7 35. Qb2+ Kg8 36. Rb1 Qe7 37. Qd2 Qe4+ 0-1

[Event "L'Isle sur la Sorgue-Nice"]
[Site "L'Isle sur la Sorgue"]
[Date "2008.01.19"]
[Round "5.1"]
[White "Dimitrov, Christo"]
[Black "Suarez Real, Alberto"]
[Result "0-1"]
[WhiteElo "2286"]
[BlackElo "2398"]
[PlyCount "62"]
[EventDate "2008.01.19"]

1. e4 c5 2. Nf3 e6 3. d3 Nc6 4. g3 g6 5. Bg2 Bg7 6. O-O Nge7 7. Re1 d5 8. exd5
Nxd5 9. Nbd2 b6 10. Nc4 Bb7 11. a4 Qc7 12. Ng5 O-O 13. Ne4 Rad8 14. a5 Ndb4 15.
axb6 axb6 16. Bg5 f6 17. Bd2 Rfe8 18. Bc3 e5 19. Qe2 f5 20. Ng5 h6 21. Nf3 Nd4
22. Bxd4 cxd4 23. Qd2 Nc6 24. Nh4 Kh7 25. f4 exf4 26. gxf4 b5 27. Na5 Nxa5 28.
Rxa5 Rxe1+ 29. Qxe1 Bxg2 30. Nxg2 Qxc2 31. Ra7 Qc5 0-1

[Event "L'Isle sur la Sorgue-Nice"]
[Site "L'Isle sur la Sorgue"]
[Date "2008.01.19"]
[Round "5.2"]
[White "Bujisho, Benjamin"]
[Black "Weill, Roland"]
[Result "1-0"]
[WhiteElo "2387"]
[BlackElo "2232"]
[PlyCount "158"]
[EventDate "2008.01.19"]

1. d4 d6 2. Nf3 g6 3. e4 Bg7 4. Be2 Nf6 5. Nc3 O-O 6. O-O c6 7. a4 Bg4 8. h3
Bxf3 9. Bxf3 e5 10. dxe5 dxe5 11. g3 Na6 12. Be3 Qe7 13. Bg2 Nh5 14. Qe2 Rfd8
15. Rfd1 Qb4 16. Rdb1 Nc7 17. Na2 Qe7 18. b4 Ne6 19. c3 Bf6 20. b5 c5 21. Rd1
Bg5 22. Rd5 Bxe3 23. Qxe3 Rxd5 24. exd5 Neg7 25. d6 Qxd6 26. Bxb7 Nf5 27. Qe1
Rd8 28. a5 Nf6 29. Bg2 e4 30. c4 Qd4 31. Qc3 Nxg3 32. Qxd4 Ne2+ 33. Kf1 Nxd4
34. Nc3 Kf8 35. a6 Nd7 36. Nxe4 Nb6 37. Nxc5 Nxc4 38. Rd1 Nb2 39. Rb1 Nc4 40.
Rb4 Nd2+ 41. Kg1 N2f3+ 42. Bxf3 Nxf3+ 43. Kf1 Ne5 44. b6 axb6 45. Rxb6 Ke7 46.
f4 Rd1+ 47. Ke2 Rd2+ 48. Kxd2 Nc4+ 49. Kc3 Nxb6 50. Kd4 Kd6 51. Ne4+ Kc6 52.
Ng5 Nd7 53. Nxf7 Kb6 54. Ng5 Kxa6 55. Nxh7 Kb6 56. Kd5 Kc7 57. Ke6 Nc5+ 58. Kf6
Nd3 59. Kg5 Nf2 60. h4 Nh3+ 61. Kg4 Nf2+ 62. Kf3 Nd3 63. Nf8 Kd6 64. Nxg6 Ke6
65. h5 Kf6 66. Nh4 Kg7 67. Nf5+ Kf6 68. Ne3 Kg7 69. Ng4 Nc5 70. f5 Nd7 71. Kf4
Nf8 72. Ke5 Kf7 73. f6 Nh7 74. Kf5 Nf8 75. Ne5+ Kg8 76. Ng6 Nh7 77. Ke6 Ng5+
78. Ke7 Nf7 79. Ne5 Nh8 1-0

[Event "L'Isle sur la Sorgue-Nice"]
[Site "L'Isle sur la Sorgue"]
[Date "2008.01.19"]
[Round "5.3"]
[White "Moncamp, Gilles"]
[Black "Oliveira, Sancho"]
[Result "0-1"]
[WhiteElo "2223"]
[BlackElo "2207"]
[PlyCount "78"]
[EventDate "2008.01.19"]

1. e4 c5 2. Nf3 Nc6 3. Bb5 g6 4. O-O Bg7 5. c3 Nf6 6. Re1 O-O 7. d4 d5 8. e5
Ne4 9. Nbd2 cxd4 10. cxd4 Nxd2 11. Bxd2 Qb6 12. Bxc6 Qxc6 13. Qc1 Bd7 14. Qxc6
Bxc6 15. Bb4 Rfe8 16. e6 f5 17. Ne5 Rac8 18. Rac1 Bxe5 19. Rxe5 Kg7 20. f4 Kf6
21. Be1 b6 22. Bh4+ Kg7 23. Kf2 Kf8 24. Ke3 Bb7 25. Rc3 Rxc3+ 26. bxc3 Rc8 27.
Kd2 Rc4 28. Kc2 b5 29. a3 a5 30. Kb3 b4 31. axb4 axb4 32. cxb4 Rxd4 33. Bg5 Rd2
34. Bh6+ Ke8 35. Ka4 Rxg2 36. h4 d4 37. Ka3 d3 38. Rb5 d2 39. Rc5 d1=Q {
suite illisible} 0-1

[Event "L'Isle sur la Sorgue-Nice"]
[Site "L'Isle sur la Sorgue"]
[Date "2008.01.19"]
[Round "5.4"]
[White "Gachet, Sebastien"]
[Black "Vanderbeeken, Mikael"]
[Result "1-0"]
[WhiteElo "2271"]
[BlackElo "2096"]
[PlyCount "67"]
[EventDate "2008.01.19"]

1. e4 e6 2. d4 d5 3. e5 c5 4. c3 Nc6 5. Nf3 Qb6 6. a3 Bd7 7. b4 cxd4 8. cxd4
Rc8 9. Bb2 Na5 10. Nbd2 Nc4 11. Nxc4 dxc4 12. Rc1 Qa6 13. Be2 b5 14. Ng5 Bc6
15. Bh5 g6 16. Bf3 Bh6 17. h4 Qb7 18. d5 Rd8 19. d6 Ne7 20. Bxc6+ Qxc6 21. Qg4
Nf5 22. Kf1 Qd5 23. Rd1 Qc6 24. Rh3 Bg7 25. h5 O-O 26. hxg6 fxg6 27. Kg1 h5 28.
Qe2 Qd7 29. g4 Nh6 30. gxh5 Rf5 31. Rg3 gxh5 32. Qxh5 Rdf8 33. Qg6 Re8 34. Nh7
1-0

[Event "L'Isle sur la Sorgue-Nice"]
[Site "L'Isle sur la Sorgue"]
[Date "2008.01.19"]
[Round "5.5"]
[White "Sibirko, Ivan"]
[Black "Bes, Stephane"]
[Result "1-0"]
[WhiteElo "2073"]
[BlackElo "2139"]
[PlyCount "65"]
[EventDate "2008.01.19"]

1. d4 Nf6 2. c4 e6 3. Nc3 Bb4 4. Qc2 c5 5. dxc5 Na6 6. a3 Qa5 7. Bd2 Nxc5 8.
Rc1 Bxc3 9. Bxc3 Qa4 10. b4 Qxc2 11. Rxc2 Na4 12. Bd4 b6 13. e4 d6 14. Bd3 e5
15. Ba1 a5 16. Rc1 Ke7 17. Ne2 axb4 18. axb4 Ba6 19. O-O Rhc8 20. f4 Nd7 21.
Rfd1 Rc7 22. Rd2 Rac8 23. c5 Bxd3 24. cxd6+ Kxd6 25. Rxd3+ Ke7 26. Rcd1 Ra7 27.
fxe5 Rc4 28. Nd4 Rxd4 29. Bxd4 Rc7 30. Kf2 g6 31. Ke2 Rc4 32. Ke3 b5 {
suite illisible} 33. Bb6 1-0

[Event "L'Isle sur la Sorgue-Nice"]
[Site "L'Isle sur la Sorgue"]
[Date "2008.01.19"]
[Round "5.6"]
[White "Boursier, Julien"]
[Black "Lallement, Victor"]
[Result "1/2-1/2"]
[WhiteElo "2106"]
[BlackElo "2083"]
[PlyCount "78"]
[EventDate "2008.01.19"]

1. d4 Nf6 2. Nf3 c5 3. d5 b5 4. Bg5 d6 5. Bxf6 exf6 6. e4 a6 7. a4 b4 8. Nbd2
g6 9. Nc4 a5 10. Nfd2 Ba6 11. Bd3 Nd7 12. Qe2 Bxc4 13. Bxc4 Bg7 14. Bb5 O-O 15.
Nc4 Nb6 16. O-O-O Nc8 17. Bc6 Rb8 18. Qg4 Qc7 19. Qd7 Qxd7 20. Bxd7 Nb6 21.
Nxb6 Rxb6 22. Kd2 Rd8 23. Bb5 f5 24. exf5 Bxb2 25. fxg6 hxg6 26. h4 Kg7 27. Rh3
Rb7 28. Re3 Bf6 29. Re4 Re7 30. Rxe7 Bxe7 31. g3 Bf6 32. Kd3 Bc3 33. Bc6 Rb8
34. Kc4 Bd4 35. Rd2 b3 36. cxb3 Rb4+ 37. Kd3 Rxb3+ 38. Kc4 Rb4+ 39. Kd3 Rb3+
1/2-1/2

[Event "L'Isle sur la Sorgue-Nice"]
[Site "L'Isle sur la Sorgue"]
[Date "2008.01.19"]
[Round "5.7"]
[White "Henry, Guillaume"]
[Black "Bressac, Stephane"]
[Result "1-0"]
[WhiteElo "2103"]
[BlackElo "1997"]
[PlyCount "104"]
[EventDate "2008.01.19"]

1. e4 e6 2. d4 d5 3. Nc3 Nf6 4. e5 Nfd7 5. f4 c5 6. Nf3 Nc6 7. Be3 a6 8. a3 b5
9. Qd2 Qa5 10. Ne2 Bb7 11. dxc5 Qxd2+ 12. Nxd2 Bxc5 13. Bxc5 Nxc5 14. b4 Na4
15. Nb3 O-O 16. Ned4 Rac8 17. Bd3 Nxd4 18. Nxd4 Rc3 19. Kd2 Re8 20. Rhe1 Rc7
21. Re3 g6 22. g4 Bc8 23. h4 Bd7 24. h5 Nb2 25. hxg6 hxg6 26. Rh1 Nxd3 27. Rxd3
Rec8 28. Rh4 Kf8 29. Rh8+ Ke7 30. Rdh3 Rc4 31. c3 Rxc3 32. Rxc3 Rxh8 33. Rc7
Rh2+ 34. Ke3 Rh3+ 35. Kd2 Kd8 36. Rc3 Rxc3 37. Kxc3 Ke7 38. Nb3 f6 39. Kd4 Bc8
40. Kc5 g5 41. fxg5 fxe5 42. Na5 Bd7 43. g6 Be8 44. g7 Kf7 45. Kd6 e4 46. Nb3
Kxg7 47. Kxe6 Kg6 48. Nd4 Bf7+ 49. Ke7 Bg8 50. Kf8 Bh7 51. Ke7 Kg5 52. Kd6 Bg8
1-0

[Event "L'Isle sur la Sorgue-Nice"]
[Site "L'Isle sur la Sorgue"]
[Date "2008.01.19"]
[Round "5.8"]
[White "Bramme, Isabelle"]
[Black "Dubois, Martine"]
[Result "1/2-1/2"]
[WhiteElo "1992"]
[BlackElo "1995"]
[PlyCount "34"]
[EventDate "2008.01.19"]

1. d4 Nf6 2. Nf3 g6 3. Bf4 Bg7 4. e3 d6 5. Bd3 O-O 6. h3 Nbd7 7. O-O Qe8 8. Bh2
e5 9. dxe5 dxe5 10. Be2 Ne4 11. Nbd2 Nec5 12. Nc4 Qe7 13. c3 Rd8 14. Qc2 f6 15.
b4 Ne6 16. Na5 c5 17. a3 Nb6 1/2-1/2

[Event "Montpellier II-Vitrolles"]
[Site "L'Isle sur la Sorgue"]
[Date "2008.01.19"]
[Round "5.1"]
[White "Anic, Darko"]
[Black "Gaudineau, Eric"]
[Result "1-0"]
[WhiteElo "2448"]
[BlackElo "2334"]
[PlyCount "73"]
[EventDate "2008.01.19"]

1. Nf3 Nf6 2. c4 e6 3. b3 b6 4. g3 Bb7 5. Bg2 c5 6. O-O Be7 7. Nc3 O-O 8. d4
cxd4 9. Qxd4 d6 10. Rd1 Nbd7 11. e4 Nc5 12. e5 dxe5 13. Qxe5 Qc8 14. Bb2 Nce4
15. Nxe4 Bxe4 16. Rd4 Qb7 17. Nh4 Bxg2 18. Nxg2 Rad8 19. Rad1 Rxd4 20. Rxd4 Bc5
21. Qxf6 Bxd4 22. Qxd4 f6 23. Ne3 Qe7 24. Qe4 Rd8 25. Bc3 Qd6 26. g4 Qd7 27.
Kg2 Qd6 28. h4 Qd7 29. Kf3 Qf7 30. Ke2 Qe7 31. h5 Qf7 32. a4 Qe8 33. h6 Qf7 34.
hxg7 h6 35. Qf4 Kxg7 36. g5 hxg5 37. Qxg5+ 1-0

[Event "Montpellier II-Vitrolles"]
[Site "L'Isle sur la Sorgue"]
[Date "2008.01.19"]
[Round "5.2"]
[White "Abello, Sebastien"]
[Black "Touzane, Olivier"]
[Result "1-0"]
[WhiteElo "2275"]
[BlackElo "2326"]
[PlyCount "79"]
[EventDate "2008.01.19"]

1. d4 Nf6 2. c4 g6 3. Nc3 Bg7 4. e4 d6 5. f3 O-O 6. Be3 c6 7. Qd2 e5 8. d5 cxd5
9. cxd5 Nh5 10. O-O-O a6 11. Bd3 b5 12. Nge2 f5 13. exf5 gxf5 14. g4 fxg4 15.
fxg4 Bxg4 16. Rhg1 Bf3 17. Bh6 Ra7 18. Bxg7 Rxg7 19. Qh6 Rff7 20. Bxh7+ Kf8 21.
Rxg7 Rxg7 22. Rf1 Qf6 23. Qxf6+ Nxf6 24. Rxf3 Ke7 25. Bc2 b4 26. Ne4 Nxd5 27.
N2g3 Rg4 28. h3 Rf4 29. Rd3 Nc7 30. Nxd6 Nc6 31. Ndf5+ Ke6 32. Ba4 Nb5 33. Bxb5
axb5 34. Nd6 Ke7 35. Nxb5 Rc4+ 36. Kd2 Rc5 37. a4 bxa3 38. Nxa3 Ra5 39. Nf5+
Kf7 40. Rd7+ 1-0

[Event "Montpellier II-Vitrolles"]
[Site "L'Isle sur la Sorgue"]
[Date "2008.01.19"]
[Round "5.3"]
[White "Sharkov, Hleb"]
[Black "Diaz, Franck"]
[Result "1-0"]
[WhiteElo "2253"]
[BlackElo "2184"]
[PlyCount "57"]
[EventDate "2008.01.19"]

1. d4 e6 2. Nf3 f5 3. Bg5 Be7 4. Qd2 b6 5. Nc3 d5 6. Bxe7 Qxe7 7. g4 fxg4 8.
Ne5 Nf6 9. h3 g3 10. fxg3 Nbd7 11. O-O-O O-O 12. Bg2 Bb7 13. Rhe1 c5 14. e4
cxd4 15. Qxd4 Nxe5 16. Qxe5 Nd7 17. Qc7 Ba6 18. exd5 Rac8 19. Qxa7 Ra8 20. Qxa8
Rxa8 21. dxe6 Nf6 22. Bxa8 Bc4 23. Nd5 Bxd5 24. Bxd5 g6 25. Bb3 Kg7 26. g4 g5
27. Rf1 Qc5 28. Rde1 Ne8 29. e7 1-0

[Event "Montpellier II-Vitrolles"]
[Site "L'Isle sur la Sorgue"]
[Date "2008.01.19"]
[Round "5.4"]
[White "Diaz, Mickael"]
[Black "Hamdouchi, Adina Maria"]
[Result "1/2-1/2"]
[WhiteElo "2238"]
[BlackElo "2288"]
[PlyCount "91"]
[EventDate "2008.01.19"]

1. d4 Nf6 2. c4 g6 3. Nf3 Bg7 4. g3 d5 5. Bg2 O-O 6. O-O dxc4 7. Qc2 Nc6 8.
Qxc4 Nd5 9. e3 Nb6 10. Qc5 Re8 11. Bd2 a5 12. Rd1 h6 13. Na3 Bf5 14. Qc1 Nb4
15. Bxb4 axb4 16. Nc4 Nxc4 17. Qxc4 Qd6 18. Ne1 c6 19. Nd3 Bg4 20. Rd2 Ra4 21.
Nc5 Be6 22. Qc2 Ra7 23. Nxe6 Qxe6 24. d5 cxd5 25. Bxd5 Qb6 26. Bb3 Raa8 27. Rc1
Rad8 28. Rxd8 Rxd8 29. Qc7 Qxc7 30. Rxc7 e6 31. Rxb7 Bf8 32. Rc7 Rd2 33. Bc2
Bd6 34. Rc4 Be5 35. Bb3 Bxb2 36. Rxb4 Ba3 37. Ra4 Be7 38. Rc4 Rb2 39. Rc7 Bb4
40. Kf1 h5 41. Ba4 Bd6 42. Rc2 Rb1+ 43. Kg2 h4 44. Rc6 Be7 45. Rc7 Kf8 46. Bb3
1/2-1/2